La pintura alemana
Shranjeno v:
| Glavni avtor: | |
|---|---|
| Format: | Knjiga |
| Jezik: | španščina |
| Izdano: |
Barcelona
Labor
1930
|
| Serija: | Colección Labor. Artes Plásticas, 263
|
| Teme: | |
| Oznake: |
Označite
Brez oznak, prvi označite!
|
MARC
| LEADER | 00000nam a2200000 a 4500 | ||
|---|---|---|---|
| 001 | UCZ0363 | ||
| 003 | CL-VaPUC | ||
| 008 | 950728e19300000SP |||||||||||||||||spa|d | ||
| 082 | 0 | 4 | |a 759.3 |b MAY |2 21 |
| 100 | |a Mayer, Augusto L. |e autor |9 380175 | ||
| 245 | 1 | 3 | |a La pintura alemana |
| 300 | |a 160 p | ||
| 942 | |c BK | ||
| 945 | |d 19950728 00:00:00 |a rbrito | ||
| 260 | |a Barcelona |b Labor |c 1930 | ||
| 650 | 7 | |a PINTURA ALEMANA SIGLOS 18-19 |2 CL-VaPUC |9 343138 | |
| 650 | 7 | |a PINTORES ALEMANES |2 CL-VaPUC |9 341248 | |
| 650 | 0 | |a Historia del arte |9 314877 | |
| 650 | 0 | |a Edad media |9 258041 | |
| 650 | 0 | |a Renacimiento |9 255107 | |
| 651 | 0 | |a Alemania |9 255688 | |
| 583 | |a last modification |c 20160830 12:14:34 |k Rodrigo Vera | ||
| 490 | 0 | |a Colección Labor. Artes Plásticas, 263 | |
| 999 | |c 237301 |d 237299 | ||
| 952 | |0 0 |1 0 |4 0 |6 759_300000000000000_MAY_1930 |7 0 |8 A |9 246224 |a BIBART |b BIBART |d 2019-11-18 |i 3100499 |o 759.3 MAY 1930 |p 3100499 |r 2025-03-13 |w 2019-11-18 |y BK |k ART | ||